History of India for Children Vol I (Record no. 6746)
[ view plain ]
| 000 -LEADER | |
|---|---|
| fixed length control field | 00327nam a2200133Ia 4500 |
| 003 - CONTROL NUMBER IDENTIFIER | |
| control field | OSt |
| 008 - FIXED-LENGTH DATA ELEMENTS--GENERAL INFORMATION | |
| fixed length control field | 191201s2018 xx 000 0 und d |
| 100 ## - MAIN ENTRY--PERSONAL NAME | |
| Personal name | GUPTA, Archana Gorodia |
| 245 #0 - TITLE STATEMENT | |
| Title | History of India for Children Vol I |
| 260 ## - PUBLICATION, DISTRIBUTION, ETC. (IMPRINT) | |
| Name of publisher, distributor, etc | HACHETTE INDIA |
| Date of publication, distribution, etc | 2018 |
| 300 ## - PHYSICAL DESCRIPTION | |
| Extent | 393 |
| 650 ## - SUBJECT ADDED ENTRY--TOPICAL TERM | |
| Topical term or geographic name as entry element | General Books |
| 942 ## - ADDED ENTRY ELEMENTS (KOHA) | |
| Source of classification or shelving scheme | Dewey Decimal Classification |
| Koha item type | Text Books |
| Withdrawn status | Lost status | Source of classification or shelving scheme | Damaged status | Not for loan | Collection code | Home library | Current library | Shelving location | Date acquired | Source of acquisition | Cost, normal purchase price | Bill Number | Total Checkouts | Full call number | Acc. no. / Barcode | Date last seen | Actual Cost, discounted price | Bill Date | Koha item type | Public note | Date last borrowed |
|---|---|---|---|---|---|---|---|---|---|---|---|---|---|---|---|---|---|---|---|---|---|
| Dewey Decimal Classification | IKS- Indian Knowledge System | PIET C-LIBRARY | PIET C-LIBRARY | Ref. Sec. R02 | 21/07/2020 | Artemis Noida | 399.00 | AN/2018-19/00 | 954 GUH | 30234 | 04/12/2019 | 350.00 | 30/08/2018 | Reference Books | History and Culture | ||||||
| Dewey Decimal Classification | IKS- Indian Knowledge System | PIET C-LIBRARY | PIET C-LIBRARY | Ref. Sec. R02 | 21/07/2020 | Artemis Noida | 399.00 | AN/2018-19/00 | 954 GUH | 30235 | 04/12/2019 | 350.00 | 30/08/2018 | Text Books | History and Culture | ||||||
| Dewey Decimal Classification | IKS- Indian Knowledge System | PIET C-LIBRARY | PIET C-LIBRARY | Ref. Sec. R02 | 21/07/2020 | Artemis Noida | 399.00 | AN/2018-19/00 | 2 | 954 GUH | 30236 | 21/04/2025 | 350.00 | 30/08/2018 | Text Books | History and Culture | 09/04/2025 | ||||
| Dewey Decimal Classification | IKS- Indian Knowledge System | PIET C-LIBRARY | PIET C-LIBRARY | Ref. Sec. R02 | 21/07/2020 | Artemis Noida | 399.00 | AN/2018-19/00 | 954 GUH | 30237 | 04/12/2019 | 350.00 | 30/08/2018 | Text Books | History and Culture |